[Event "6th TCh-Euro u18"]
[Site "Balatonlelle HUN"]
[Date "2006.07.15"]
[Round "4"]
[White "Bogner,S"]
[Black "Rozum,I"]
[Result "0-1"]
[WhiteElo "2314"]
[BlackElo "2317"]

1.e4 c5 2.Nf3 e6 3.d4 cxd4 4.Nxd4 Nc6 5.Nc3 a6 6.Nxc6 bxc6 7.Bd3 d5 8.O-O Nf6
9.Re1 Be7 10.e5 Nd7 11.Qg4 g6 12.Na4 O-O 13.Bd2 a5 14.Rad1 Nb6 15.Be3 Nxa4
16.Qxa4 Rb8 17.Bd2 Rxb2 18.Bxa5 Qd7 19.Bc3 Rb7 20.Qg4 Ra7 21.a4 Ba6 22.a5 c5
23.h4 h5 24.Qf4 Bd8 25.Ra1 Bxd3 26.cxd3 Qb5 27.d4 Bxa5 28.Reb1 Qd3 29.Bxa5 Rxa5
30.dxc5 Rxc5 31.Rb7 Rc4 32.Qf6 Qf5 33.g3 Qxf6 34.exf6 g5 35.hxg5 Rg4 36.f4 Rxg3+
37.Kf2 Rg4 38.Kf3 Kh7 39.Raa7 Kg6 40.Ke3 h4 41.Rb2 Kf5 42.Rf2 h3 43.Rh2 Rxf4
44.Rxh3 Re4+  0-1

[Event "3rd ACT"]
[Site "Amsterdam NED"]
[Date "2006.07.16"]
[Round "2"]
[White "Erenburg,S"]
[Black "Van der Elburg,F"]
[Result "1/2-1/2"]
[WhiteElo "2585"]
[BlackElo "2348"]

1.e4 c5 2.Nf3 e6 3.d4 cxd4 4.Nxd4 Nc6 5.Nc3 Qc7 6.Be3 a6 7.Qd2 Nf6 8.O-O-O Bb4
9.f3 Ne5 10.Nb3 b5 11.Kb1 Nc4 12.Bxc4 bxc4 13.Nc1 Rb8 14.Bf4 e5 15.Bg5 Qb6
16.N1e2 O-O 17.Bxf6 Ba3 18.b3 Qxf6 19.Nd5 Qd8 20.Qc3 cxb3 21.axb3 d6 22.Qc7 Qxc7
23.Nxc7 f5 24.Nc3 Rf7 25.N7d5 Bc5 26.Rd2 a5 27.Na4 Bd4 28.c3 Ba7 29.Kc2 Rfb7
30.b4 axb4 31.Nxb4 Bd7 32.Ra1 fxe4 33.fxe4 Bd4 34.Ra2 Bxc3 35.Nxc3 Rxb4 36.Rxd6 Be8
37.Kd3 Bf7 38.Rc2 Rc8 39.Ne2 Rxc2 40.Rd8+ Be8 41.Kxc2 Kf7 42.Nc3 Bc6 43.Kd3 Rb2
44.Rc8 Bd7 45.Rc7 Ke6 46.Ra7 Rxg2 47.Ra6+ Kf7 48.Ra7 Ke7 49.Ra6 Be6 50.Ra7+ Kf6
51.Ra6 Rg6 52.h4 Rg3+ 53.Kd2 h5 54.Nd5+ Kf7 55.Ra7+ Kg8 56.Re7 Bf7 57.Ne3 Bg6
58.Rxe5 Rh3 59.Rg5 Bxe4 60.Rxh5 g6 61.Rg5 Rxh4 62.Rg4 Rh2+ 63.Kc3 Bb1 64.Rg1 Be4  1/2-1/2

[Event "XXIV Andorra Open"]
[Site "Andorra la Vella AND"]
[Date "2006.07.16"]
[Round "9"]
[White "Ibarra Jerez,JC"]
[Black "Vila Gazquez,Ja"]
[Result "1/2-1/2"]
[WhiteElo "2445"]
[BlackElo "2345"]

1.e4 c5 2.Nf3 e6 3.d4 cxd4 4.Nxd4 Nc6 5.Nc3 Qc7 6.Be3 a6 7.Qd2 Nf6 8.O-O-O Bb4
9.f3 Ne5 10.Nb3 b5 11.Qe1 Be7 12.f4 Ng6 13.e5 Ng4 14.Ne4 O-O 15.Bc5 Bb7 16.Nd6 Bd5
17.Rxd5 exd5 18.Qd1 Nh6 19.g3 Rfc8 20.Bg2 Bxd6 21.Bxd6 Qb6 22.Bxd5 Ra7 23.Re1 Nf8
24.Qd3 g6 25.Nd2 Nf5 26.Ne4 Ne6 27.c3 Qd4 28.Qc2 Ne3 29.Nf6+ Kg7 30.Qd2 Qxd2+
31.Kxd2 Nc4+ 32.Bxc4 bxc4 33.Re4 Rb7 34.Kc2 h5 35.Nd5 Rc6 36.Ne3 f5 37.Rxc4 Rxc4
38.Nxc4 g5 39.fxg5 Nxg5 40.Be7 Kg6 41.Nd6 Rb8 42.b4 Nf3 43.a4 Nxh2 44.b5 Nf3
45.Bf6 f4 46.gxf4 h4 47.f5+ Kh5 48.Bxh4 Nxh4 49.e6 Nxf5 50.Nxf5 dxe6 51.Ng7+ Kg6  1/2-1/2

[Event "XXIV Andorra Open"]
[Site "Andorra la Vella AND"]
[Date "2006.07.16"]
[Round "9"]
[White "Reinaldo Castineira,R"]
[Black "Sharma,Di"]
[Result "1-0"]
[WhiteElo "2450"]
[BlackElo "2358"]

1.e4 c5 2.Nc3 Nc6 3.Nge2 e6 4.d4 cxd4 5.Nxd4 a6 6.Be2 Qc7 7.O-O Nf6 8.Kh1 Nxd4
9.Qxd4 Bc5 10.Qd3 b5 11.Bg5 Bb7 12.f4 h5 13.e5 Ng4 14.Bf3 Nh6 15.Bxb7 Qxb7
16.Ne4 Be7 17.Rad1 Nf5 18.Bxe7 Kxe7 19.Nc5 Qc6 20.Qxd7+ Qxd7 21.Rxd7+ Ke8
22.Rfd1 Ne3 23.R1d6  1-0

[Event "6th TCh-Euro u18"]
[Site "Balatonlelle HUN"]
[Date "2006.07.16"]
[Round "5"]
[White "Brkic,A"]
[Black "Szabo,Kr1"]
[Result "0-1"]
[WhiteElo "2547"]
[BlackElo "2467"]

1.e4 c5 2.Nf3 e6 3.d4 cxd4 4.Nxd4 Nc6 5.Nc3 Qc7 6.Be3 a6 7.Bd3 Nf6 8.O-O b5
9.Nxc6 dxc6 10.f4 e5 11.f5 Bb7 12.Qf3 h5 13.h3 c5 14.Nd5 Bxd5 15.exd5 Bd6
16.Be4 Ke7 17.c3 Rab8 18.g4 hxg4 19.hxg4 Rh4 20.Bg5 Rbh8 21.Bxh4 Rxh4 22.g5 Nxe4
23.f6+ Kf8 24.fxg7+ Kg8 25.g6 Ng5 26.Qg3 Rh5 27.Rxf7 Nxf7 28.Qg4 Rh6 29.Rf1 Nd8
30.Qg5 Qxg7  0-1

[Event "10th Petr Izmailov Mem"]
[Site "Tomsk RUS"]
[Date "2006.07.16"]
[Round "10"]
[White "Karjakin,Sergey"]
[Black "Rublevsky,S"]
[Result "1/2-1/2"]
[WhiteElo "2679"]
[BlackElo "2667"]

1.e4 c5 2.Nf3 e6 3.d4 cxd4 4.Nxd4 Nc6 5.Nc3 a6 6.Be3 Nf6 7.Qd2 Bb4 8.f3 d5
9.a3 Qa5 10.exd5 Nxd5 11.Nb3 Bxc3 12.Nxa5 Bxd2+ 13.Bxd2 Nxa5 14.Bxa5 Ne3
15.Kf2 Nxf1 16.Rhxf1 b5 17.a4 Bb7 18.axb5 axb5 19.Bb4 f6 20.Rfd1 Rxa1 21.Rxa1 Kd7
22.Rd1+ Bd5 23.Ra1 Ra8 24.Rxa8 Bxa8  1/2-1/2

[Event "3rd ACT"]
[Site "Amsterdam NED"]
[Date "2006.07.17"]
[Round "3"]
[White "Van Delft,M"]
[Black "Erenburg,S"]
[Result "1/2-1/2"]
[WhiteElo "2382"]
[BlackElo "2585"]

1.e4 c5 2.Nf3 e6 3.d4 cxd4 4.Nxd4 Nc6 5.Nc3 a6 6.Nxc6 bxc6 7.Bd3 d5 8.O-O Nf6
9.Qe2 Be7 10.b3 O-O 11.Bb2 Bb7 12.Rad1 Qc7 13.Na4 Rfd8 14.c4 dxe4 15.Bxe4 Nxe4
16.Qxe4 c5 17.Qe5 Qxe5 18.Bxe5 Bc6 19.Nb2 f6 20.Bf4 g5 21.Be3 Rxd1 22.Rxd1 Kf8
23.f3 Rc8 24.Kf2 h5 25.h3 Be8 26.Ke2 Bg6 27.Na4 Ke8 28.Bf2 Rc6 29.Bg3 Rc8
30.Bf2 h4 31.Bg1 Rc7 32.Rd2 Bf8 33.Bh2 Rd7 34.Bg1 Rc7 35.Bh2 Rc6 36.Rd1 Bc2
37.Rd2 Bh7 38.Rd1 Bc2 39.Rd2 Bf5 40.Rd1 Be7 41.Rd2 Bg6 42.Rd1 Rc8 43.Bg1 f5
44.Bh2 Bh5 45.Be5 Rd8 46.Rxd8+ Kxd8 47.Nb2 f4 48.Nd3 Bg6 49.Bc3 Kc7 50.a3 Bf5
51.b4 Kb6 52.Nxc5 Bxc5 53.bxc5+ Kxc5 54.Bf6 Kxc4 55.Bxg5 Bd3+ 56.Kf2 e5 57.Bxh4 Kd5
58.Bd8 Ke6 59.Bc7 Kf5 60.h4 e4 61.g4+ fxg3+ 62.Bxg3 exf3 63.Kxf3  1/2-1/2

[Event "ch-SUI"]
[Site "Lenzerheide SUI"]
[Date "2006.07.17"]
[Round "5"]
[White "Gallagher,Jo"]
[Black "Pelletier,Y"]
[Result "1/2-1/2"]
[WhiteElo "2516"]
[BlackElo "2583"]

1.e4 c5 2.Nf3 e6 3.d4 cxd4 4.Nxd4 Nc6 5.Nc3 Qc7 6.Be3 Nf6 7.f4 Bb4 8.Nb5 Qa5
9.e5 Ne4 10.Qd3 Nxc3 11.bxc3 Be7 12.g3 O-O 13.Bg2 f6 14.exf6 Bxf6 15.O-O d5
16.Rab1 a6 17.Nd6 Qxc3 18.Bh3 Nd8 19.Qxc3 Bxc3 20.Rfd1 Bf6 21.c4 d4 22.Bf2 Kh8
23.Bg2 e5 24.fxe5 Bxe5 25.Nxc8 Rxc8 26.Bxd4 Bxd4+ 27.Rxd4 Ne6 28.Rd6 Nc5
29.Bxb7 Nxb7 30.Rxb7 Rxc4 31.Rf7 Rc1+ 32.Kg2 Rc2+ 33.Kh3 Kg8 34.Rxf8+ Kxf8
35.Rxa6 h5 36.Kh4 Rxh2+ 37.Kg5 Rg2 38.Ra3 g6 39.Kf6 Ke8 40.Re3+ Kd7 41.a4 h4
42.gxh4 Rg4 43.Re7+ Kc6 44.Rh7 Kb6 45.Rh6 Ka5 46.Rxg6 Rxh4  1/2-1/2

[Event "3rd ACT"]
[Site "Amsterdam NED"]
[Date "2006.07.18"]
[Round "4"]
[White "Tiviakov,S"]
[Black "Halkias,S"]
[Result "1-0"]
[WhiteElo "2668"]
[BlackElo "2551"]

1.e4 c5 2.Nc3 e6 3.Nf3 Nc6 4.d4 cxd4 5.Nxd4 Nf6 6.Ndb5 Bb4 7.a3 Bxc3+ 8.Nxc3 d5
9.exd5 exd5 10.Bd3 O-O 11.O-O d4 12.Ne2 Bg4 13.Bg5 Re8 14.Re1 Qd6 15.Qd2 Bxe2
16.Bf4 Qd5 17.Bxe2 Ne4 18.Qd3 Nc5 19.Qc4 Qf5 20.Bg3 h6 21.b4 Ne6 22.Bd3 Qf6
23.Re4 Ng5 24.Rf4 Qe7 25.h4 Ne5 26.Qxd4 Rad8 27.Qxa7 Ne6 28.Rf5 Nxd3 29.cxd3 Nd4
30.Re5 Qd7 31.Rxe8+ Rxe8 32.Kh2 g5 33.Qb6 gxh4 34.Bxh4 Nf5 35.Bg3 Nxg3 36.fxg3 Re6
37.Qf2 Qxd3 38.Rc1 Qg6 39.Rc8+ Kh7 40.Rc5 b6 41.Rf5 Kg8 42.Qf3 Re3 43.Qxe3 Qxf5
44.Qxh6 b5 45.Qh3 Qd3 46.Qg4+ Kf8 47.Qh5 Kg8 48.Kh3 Qf1 49.Qf3 Qh1+ 50.Kg4 Qe1
51.Qf5 Qd1+ 52.Kh4 Qh1+ 53.Qh3 Qc1 54.Qg4+ Kf8 55.Qf3 Qh1+ 56.Kg4 Qe1 57.Kf4 Qc1+
58.Ke5 Qd2 59.g4 Qd7 60.Qf5 Qc6 61.g5 Qxg2 62.Kd6 Qg3+ 63.Qe5 Qd3+ 64.Kc6 Qxa3
65.Qd6+ Kg8 66.Kxb5 Qe3 67.Qd5 Qe2+ 68.Kb6 Qe3+ 69.Qc5 Qf4 70.Ka7 Kh7 71.b5 Qa4+
72.Kb7 Qe4+ 73.Kc7 Qf4+ 74.Kd7 Qg4+ 75.Kd8 Qf4 76.b6 Qb8+ 77.Ke7 Kg8 78.Qc7 Qf8+
79.Kd7 Qb4 80.Qd8+ Kh7 81.Qf6 Kg8 82.g6 Qg4+ 83.Kc7 Qg3+ 84.Qd6 Qc3+ 85.Kb8 Qb3
86.b7 fxg6 87.Kc8 Qc4+ 88.Kd8 Qh4+ 89.Kd7 Qa4+ 90.Kc7 Qc4+ 91.Kb6 Qb3+ 92.Kc6 Qc4+
93.Qc5 Qe6+ 94.Kc7 Qf7+ 95.Kb6 Qe6+ 96.Qc6 Qe3+ 97.Kc7 Qe5+ 98.Qd6 Qa5+ 99.Kc8 Qc3+
100.Kd7 Qg7+ 101.Kc6 Qc3+ 102.Qc5 Qf6+ 103.Kb5 Qb2+ 104.Ka6 Qa2+ 105.Kb6 Qb3+
106.Kc6 Qe6+ 107.Qd6 Qc4+ 108.Kb6 Qb3+ 109.Kc7 Qc4+ 110.Qc6 Qf4+ 111.Kc8 Qf5+
112.Qd7 Qc5+ 113.Kd8 Qg5+ 114.Qe7 Qa5+ 115.Kc8 Qc3+ 116.Qc7 Qh3+ 117.Qd7 Qc3+
118.Kb8 Qe5+ 119.Qc7 Qb5 120.Qc8+ Kh7  1-0

[Event "6th TCh-Euro u18"]
[Site "Balatonlelle HUN"]
[Date "2006.07.18"]
[Round "7"]
[White "Boros,De"]
[Black "Taras,D"]
[Result "1/2-1/2"]
[WhiteElo "2462"]
[BlackElo "2186"]

1.e4 c5 2.Nf3 e6 3.d4 cxd4 4.Nxd4 Nc6 5.Nc3 Qc7 6.Be3 Nf6 7.a3 a6 8.f4 Nxd4
9.Qxd4 Ng4 10.Qb6 Bd6 11.e5 Nxe3 12.Qxe3 Be7 13.Qg3 O-O 14.Bd3 f5 15.Qf3 d6
16.exd6  1/2-1/2

[Event "XI Open"]
[Site "Balaguer ESP"]
[Date "2006.07.20"]
[Round "4"]
[White "Van Riemsdijk,H"]
[Black "Satyapragyan,S"]
[Result "1/2-1/2"]
[WhiteElo "2376"]
[BlackElo "2431"]

1.e4 c5 2.Nf3 Nc6 3.Nc3 e6 4.d4 cxd4 5.Nxd4 Qc7 6.g3 a6 7.Bg2 d6 8.O-O Bd7
9.Nce2 Nf6 10.c4 Be7 11.b3 O-O 12.Bb2 Rac8 13.Qd2 Rfd8 14.h3 Qb8 15.Qe3 b5
16.Rfc1 bxc4 17.Rxc4 Nxd4 18.Bxd4 Rxc4 19.bxc4 e5 20.Bb6 Rc8 21.Rc1 Be6 22.c5 dxc5
23.Bxc5 Bxc5 24.Rxc5 Bxa2 25.Nc3 Be6 26.Nd5 Rxc5 27.Qxc5 h6 28.Nc7 Nd7 29.Qa5 Qb1+
30.Kh2 Qb6 31.Qxb6 Nxb6 32.Nxa6  1/2-1/2

[Event "Canadian Open"]
[Site "Kitchener CAN"]
[Date "2006.07.20"]
[Round "6"]
[White "Panjwani,R"]
[Black "Davies,No"]
[Result "1-0"]
[WhiteElo "2222"]
[BlackElo "2143"]

1.e4 c5 2.Nf3 e6 3.Nc3 Nc6 4.d4 cxd4 5.Nxd4 d6 6.Be3 Nf6 7.Be2 a6 8.f4 Qc7
9.Qd2 Be7 10.O-O-O Bd7 11.g4 Nxd4 12.Qxd4 e5 13.Qd3 Bxg4 14.Bxg4 Nxg4 15.Rhg1 Nxe3
16.Qxe3 Bf6 17.Nd5 Qd8 18.f5 h6 19.Kb1 Bg5 20.Qb3 b5 21.Qa3 O-O 22.Qh3 Kh7
23.Qh5 Rc8 24.Rd3 Rc4 25.Rxg5  1-0

[Event "XI Open"]
[Site "Balaguer ESP"]
[Date "2006.07.21"]
[Round "5"]
[White "Sareen,V"]
[Black "Djingarova,E"]
[Result "1/2-1/2"]
[WhiteElo "2396"]
[BlackElo "2300"]

1.e4 c5 2.Nf3 e6 3.d4 cxd4 4.Nxd4 Nc6 5.Nc3 Qc7 6.Be3 a6 7.f4 b5 8.Bd3 Bb7
9.Nb3 Na5 10.Nxa5 Qxa5 11.a3 Qc7 12.O-O Nf6 13.e5 Nd5 14.Nxd5 Bxd5 15.b4 d6
16.Bd4 dxe5 17.fxe5 g6 18.Qe2 Be7 19.a4 O-O 20.axb5 axb5 21.c3 Bc4 22.Bxc4 bxc4
23.Rxa8 Rxa8 24.Rxf7 Kxf7 25.Qf3+ Bf6 26.Qxa8 Bxe5 27.Qf3+ Ke7 28.Bc5+ Bd6
29.Bxd6+ Qxd6 30.h3 Qd2 31.Qg3 Qd5 32.Qc7+ Kf6 33.Qf4+ Ke7 34.Qc7+ Kf6 35.Kh2 g5
36.Qb8 Ke7 37.Qc7+ Kf6 38.Qb8 Ke7 39.Qc7+  1/2-1/2

[Event "ch-SUI"]
[Site "Lenzerheide SUI"]
[Date "2006.07.21"]
[Round "9"]
[White "Landenbergue,C"]
[Black "Pelletier,Y"]
[Result "1/2-1/2"]
[WhiteElo "2440"]
[BlackElo "2583"]

1.e4 c5 2.Nf3 e6 3.d4 cxd4 4.Nxd4 Nc6 5.Nc3 Qc7 6.g3 a6 7.Bg2 Nge7 8.Be3 d6
9.O-O Nxd4 10.Qxd4 Nc6 11.Qd2 b5 12.Ne2 Bd7 13.h3 Be7 14.Rfd1 h6 15.Rac1 O-O
16.c4 Rfd8 17.b3 bxc4 18.Rxc4 Qb7 19.Rdc1 Rdc8 20.Nd4 Ne5 21.Rxc8+ Rxc8 22.Rxc8+ Qxc8
23.Qc2 Qb7 24.Qc3 Bd8 25.f4 Nc6 26.e5 d5 27.Nxc6 Bxc6 28.Bd4 Be7 29.Kf2 Bb4
30.Qc2 Bb5 31.a4 Bd7 32.Bf1 a5 33.Bd3 Qb8 34.h4 Be7 35.Ke3 Be8 36.Bh7+ Kh8
37.Qd1  1/2-1/2

[Event "Czech Open A"]
[Site "Pardubice CZE"]
[Date "2006.07.21"]
[Round "1"]
[White "Oleksienko,M"]
[Black "Jaracz,B"]
[Result "1-0"]
[WhiteElo "2497"]
[BlackElo "2282"]

1.e4 c5 2.Nf3 e6 3.d4 cxd4 4.Nxd4 Nc6 5.Nc3 Qc7 6.Be2 a6 7.O-O Nf6 8.Kh1 Be7
9.f4 d6 10.Nxc6 bxc6 11.Qe1 O-O 12.Qg3 e5 13.fxe5 dxe5 14.Bh6 Ne8 15.Bc4 Be6
16.Bxe6 fxe6 17.Be3 Nf6 18.Qh3 Qc8 19.Na4 Rb8 20.Nb6 Qc7 21.Qxe6+ Kh8 22.Nc4 Nxe4
23.Nxe5 Bf6 24.Bf4 Qa7 25.Nxc6 Nf2+ 26.Rxf2 Qxf2 27.Bxb8 Bxb2 28.Rg1 Qxc2
29.Ne5  1-0

[Event "10th Battle of Senta 1697 Open"]
[Site "Senta SCG"]
[Date "2006.07.21"]
[Round "1"]
[White "Dudukovic,N"]
[Black "Andrijevic,M"]
[Result "0-1"]
[WhiteElo "2054"]
[BlackElo "2370"]

1.e4 c5 2.Nf3 e6 3.d4 cxd4 4.Nxd4 Nc6 5.Nc3 Qc7 6.Be2 a6 7.O-O Nf6 8.a3 Nxd4
9.Qxd4 Bd6 10.h3 Bh2+ 11.Kh1 Be5 12.Qd3 Bxc3 13.bxc3 d5 14.exd5 Nxd5 15.Bf3 O-O
16.Bxd5 exd5 17.Be3 Bd7 18.Qxd5 Bc6 19.Qg5 Rae8 20.Bd4 f6 21.Qh5 Re4 22.Rfe1 Qe7
23.Re3 Rxe3 24.fxe3 Qe4 25.Qe2 Rd8 26.Rg1 Rd5 27.Qc4 Qxc2 28.Kh2 h6 29.Bc5 Kh7
30.h4 Qg6 31.e4 Re5 32.Bf2 Rxe4 33.Qc5 Rg4 34.g3 Re4 35.Be3 Qg4  0-1

[Event "10th Battle of Senta 1697 Open"]
[Site "Senta SCG"]
[Date "2006.07.21"]
[Round "1"]
[White "Nestorovic,L"]
[Black "Zegarac,B"]
[Result "1/2-1/2"]
[WhiteElo "2017"]
[BlackElo "2283"]

1.e4 c5 2.Nf3 e6 3.d4 cxd4 4.Nxd4 Nc6 5.Nc3 a6 6.Be3 Nf6 7.a3 Qc7 8.Be2 b5
9.f4 Bb7 10.Bf3 d6 11.O-O Be7 12.g4 O-O 13.g5 Nd7 14.Nb3 Na5 15.Nxa5 Qxa5
16.Bg2 Rac8 17.Ne2 Qc7 18.Rc1 Rfe8 19.Ng3 Bf8 20.Bf2 Nb6 21.f5 exf5 22.exf5 Bxg2
23.Kxg2 Nc4 24.Bd4 Ne3+ 25.Bxe3 Rxe3 26.g6 Re5 27.Qg4 Qc4 28.gxf7+ Kxf7 29.Rf4 Qd5+
30.Kh3 Rc4 31.Rxc4 Qxc4 32.Qxc4+ bxc4 33.b3 Re3 34.Rb1 Rc3 35.Rb2 Be7 36.Kg4 d5
37.Ne2 Re3 38.Nf4 Bxa3 39.Nxd5 Bxb2 40.Nxe3 cxb3 41.cxb3 Kf6 42.Nc4 Bd4 43.h3 g6  1/2-1/2

[Event "32nd Open"]
[Site "Sitges ESP"]
[Date "2006.07.21"]
[Round "1"]
[White "Monton Molinero,F"]
[Black "Epishin,V"]
[Result "0-1"]
[WhiteElo "2006"]
[BlackElo "2555"]

1.e4 c5 2.Nf3 e6 3.d4 cxd4 4.Nxd4 Nc6 5.Nc3 d6 6.Be3 a6 7.Qd2 Bd7 8.Be2 Nf6
9.O-O b5 10.a3 Be7 11.f4 O-O 12.Kh1 Qc7 13.Bf3 Rac8 14.g4 Nxd4 15.Bxd4 e5
16.Be3 exf4 17.Bxf4 Be6 18.Rac1 Nxg4 19.Bxg4 Bxg4 20.Nd5 Qd8 21.Nxe7+ Qxe7
22.Qg2 Bh5 23.Rg1 Bg6 24.Rce1 Rc4 25.h3 Re8 26.Kh2 Qf6 27.Rgf1 Qxb2 28.Rf2 Qxa3
29.e5 dxe5 30.Bxe5 Qc5 31.Bd6 Qxd6+  0-1

[Event "3rd ACT"]
[Site "Amsterdam NED"]
[Date "2006.07.22"]
[Round "8"]
[White "Blees,A"]
[Black "Van der Elburg,F"]
[Result "0-1"]
[WhiteElo "2400"]
[BlackElo "2348"]

1.e4 c5 2.Nf3 e6 3.d4 cxd4 4.Nxd4 Nc6 5.Nc3 Qc7 6.g3 a6 7.Bg2 d6 8.O-O Bd7
9.Re1 Be7 10.Nxc6 Bxc6 11.Qg4 h5 12.Qe2 h4 13.Bf4 e5 14.Be3 hxg3 15.hxg3 Nf6
16.a4 Qd7 17.Nd5 Bxd5 18.exd5 Ng4 19.a5 Rc8 20.c3 f5 21.Bf3 Nxe3 22.Qxe3 g5
23.g4 Rc4 24.Kg2 e4  0-1

[Event "3rd ACT"]
[Site "Amsterdam NED"]
[Date "2006.07.22"]
[Round "8"]
[White "Pruijssers,R"]
[Black "Zhang,T"]
[Result "1/2-1/2"]
[WhiteElo "2355"]
[BlackElo "2217"]

1.e4 c5 2.Nf3 e6 3.d4 cxd4 4.Nxd4 Nc6 5.Nc3 Qc7 6.Be2 Nf6 7.O-O a6 8.Be3 Bb4
9.Na4 Be7 10.Nxc6 bxc6 11.Nb6 Rb8 12.Nxc8 Qxc8 13.Bd4 c5 14.Be5 Rb6 15.Qd3 d6
16.Bc3 O-O 17.b3 d5 18.e5 Nd7 19.f4 c4 20.bxc4 Rc6 21.Qg3 g6 22.Ba5 Nb6 23.Bxb6 Rxb6
24.cxd5 Qc5+ 25.Kh1 Qxd5 26.Bd3 Rd8 27.Qf2 Qa5 28.Rfd1 Bc5 29.Qh4 Rbb8 30.Qe1 Qa4
31.Qf1  1/2-1/2

[Event "Politiken Cup"]
[Site "Copenhagen DEN"]
[Date "2006.07.22"]
[Round "1"]
[White "Aabling Thomsen,J"]
[Black "Wilsbeck,J"]
[Result "1-0"]
[WhiteElo "2271"]
[BlackElo "1931"]

1.e4 c5 2.Nf3 e6 3.Nc3 Nc6 4.d4 cxd4 5.Nxd4 a6 6.Be3 Qc7 7.f4 d6 8.Qf3 Nf6
9.O-O-O Bd7 10.Rg1 h5 11.h3 h4 12.Qf2 Rc8 13.Nf3 Be7 14.Bb6 Qb8 15.Bd3 Nh5
16.f5 Ng3 17.fxe6 Bxe6 18.Nd5 Bxd5 19.exd5 Nb4 20.Rge1 Kf8 21.Bd4 Qc7 22.Bxg7+ Kxg7
23.Qd4+ Bf6 24.Qg4+ Kf8 25.Qxb4 Rh5 26.Qb3 b5 27.Kb1 Qc5 28.Rc1 Qf2 29.Qa3 Qb6
30.c4 bxc4 31.Bxc4 Rb8 32.Rc2 a5 33.Bb3 Qb4 34.Qxb4 Rxb4 35.Rc4 Rxc4 36.Bxc4 Nf5
37.Re4 Ne7 38.Rf4 Kg7 39.Rg4+ Kf8 40.Rf4 Kg7 41.a3 Nxd5 42.Bxd5 Rxd5 43.Nxh4 Rd2
44.b4 axb4 45.axb4 Be5 46.Rg4+ Kf6 47.Nf3 Rb2+ 48.Kc1 Ra2 49.Nxe5 dxe5 50.b5 Ke6
51.b6 Kd6 52.Rb4 Ra8 53.b7 Rb8 54.h4 f5 55.h5 Ke7 56.Rb6 Kf7 57.Kc2 Kg7 58.Kd3 Kh7
59.Kc4  1-0

[Event "Politiken Cup"]
[Site "Copenhagen DEN"]
[Date "2006.07.22"]
[Round "1"]
[White "De Firmian,N"]
[Black "Petersen,Nil"]
[Result "1/2-1/2"]
[WhiteElo "2559"]
[BlackElo "2007"]

1.e4 c5 2.Nf3 e6 3.d4 cxd4 4.Nxd4 Nc6 5.Nc3 a6 6.Be2 Qc7 7.O-O Nf6 8.Kh1 Bb4
9.Bg5 Bxc3 10.Bxf6 Bxd4 11.Bxd4 Nxd4 12.Qxd4 O-O 13.e5 b6 14.Rad1 Ra7 15.Bd3 f5
16.a4 Bb7 17.f3 Bd5 18.b3 Qc5 19.Qh4 Qc7 20.Rfe1 Bc6 21.h3 b5 22.axb5 axb5
23.Qd4 Rfa8 24.Kh2 Ra5 25.Rd2 Qa7 26.Qh4 Ra1 27.Rde2 Rxe1 28.Rxe1 Qc5 29.Qf4 b4
30.Qd2 Qd4 31.Kg3 h6 32.h4 Bb5 33.Qe3 Qxe3 34.Rxe3 Bc6 35.Re1 g5 36.Kf2 Kf7
37.hxg5 hxg5 38.Ke3 f4+ 39.Kd4 g4 40.fxg4 Bxg2 41.Be4 Bxe4 42.Rxe4 Kg6 43.Rxf4 Kg5
44.Rf7 Ra7 45.Rg7+ Kf4 46.g5 Rc7 47.g6 Kf5 48.Kd3 Kxe5 49.Rf7 Rc3+ 50.Kd2 d5
51.Rb7 Rg3 52.g7 Kf6 53.Rxb4 Rxg7 54.Rh4 Ke5 55.b4 Kd6 56.Rh8 Kc6 57.Re8 Kd6
58.c3 e5 59.Rd8+ Kc6 60.Rc8+ Kd6 61.Kc2 Rc7 62.Rd8+ Rd7 63.Rh8 Re7 64.Kd3 Rc7
65.Rh6+ Kd7 66.b5 Rc5 67.b6 Rb5 68.Ke3 Rb3 69.Kd2 Rb2+ 70.Kc1 Re2 71.Rh7+ Kc8
72.Rc7+ Kb8 73.Rc5 Kb7 74.Rxd5 Kxb6 75.Kd1 Kc6 76.Kxe2 Kxd5 77.Ke3  1/2-1/2

[Event "Open"]
[Site "Kiel GER"]
[Date "2006.07.22"]
[Round "1"]
[White "Lanka,Z"]
[Black "Starke,Da"]
[Result "1-0"]
[WhiteElo "2498"]
[BlackElo "1942"]

1.e4 c5 2.Nf3 e6 3.d4 cxd4 4.Nxd4 Nc6 5.Nc3 a6 6.Be2 Nge7 7.f4 Nxd4 8.Qxd4 Nc6
9.Qf2 b5 10.Be3 Rb8 11.O-O Be7 12.Bd3 Nb4 13.Qg3 Nxd3 14.cxd3 d5 15.f5 Rb7
16.fxe6 d4 17.Qxg7 Rf8 18.exf7+  1-0

[Event "Czech Open A"]
[Site "Pardubice CZE"]
[Date "2006.07.22"]
[Round "2"]
[White "Leniart,A"]
[Black "Jovanic,O"]
[Result "0-1"]
[WhiteElo "2348"]
[BlackElo "2464"]

1.e4 c5 2.Nf3 e6 3.d4 cxd4 4.Nxd4 Nc6 5.Nc3 Qc7 6.Be2 a6 7.O-O Nf6 8.Be3 Bb4
9.Nxc6 bxc6 10.f3 d5 11.exd5 cxd5 12.Qd4 Bd6 13.Qh4 Rb8 14.a3 Rxb2 15.Bd4 Be5
16.Kh1 Bxd4 17.Qxd4 Rb8 18.Rab1 Rxb1 19.Rxb1 O-O 20.f4 Bd7 21.Rb3 a5 22.Bd3 Rc8
23.h3 h6 24.Nb5 Bxb5 25.Rxb5 Nh5 26.Qe5 g6 27.Qxc7 Rxc7 28.g3 Nxg3+ 29.Kg2 Nh5
30.Kf3 Ra7 31.Ke3 Kg7 32.a4 Kf6 33.c4 dxc4 34.Bxc4 Ng7 35.Bd3 Ne8 36.Be4 Nd6
37.Rc5 Nxe4 38.Kxe4 g5 39.h4 gxf4 40.Kxf4 Ra6 41.Rh5 Kg6 42.Rc5 f5 43.Ke5 Kh5
44.Rc4 Rb6 45.Kd4 Rb1 46.Ke5 Re1+ 47.Kf6 Re4 48.Rc5 Kxh4  0-1

[Event "Czech Open A"]
[Site "Pardubice CZE"]
[Date "2006.07.22"]
[Round "2"]
[White "Smith,Ax"]
[Black "Beck,F"]
[Result "0-1"]
[WhiteElo "2150"]
[BlackElo "2284"]

1.e4 c5 2.Nf3 e6 3.d4 cxd4 4.Nxd4 Nc6 5.Nc3 Qc7 6.Be3 a6 7.Qd2 Nf6 8.O-O-O Bb4
9.f3 Ne7 10.Kb1 Bxc3 11.Qxc3 Qxc3 12.bxc3 d5 13.e5 Nd7 14.f4 Kd8 15.c4 Kc7
16.cxd5 Nxd5 17.Bd2 b5 18.c4 bxc4 19.Bxc4 N7b6 20.Be2 Bd7 21.Ka1 Rhc8 22.Rb1 Kb7
23.g3 Ka7 24.Rhc1 Rxc1 25.Rxc1 Rc8 26.Rxc8 Nxc8 27.Kb2 Ncb6 28.Kc2 g6 29.Nb3 Ba4
30.Kc1 Nd7 31.Bf3 Bc6 32.Na5 Bb5 33.Bxd5 exd5 34.Be3+ Kb8 35.Kd2 Nf8 36.Bb6 Ne6
37.Ke3 h5 38.Kd2 Kc8 39.Kc3 Kd7 40.Bd4 Kc7 41.Bg1 Bf1 42.a3 Bb5 43.Nb3 Kc6
44.Na5+ Kc7 45.Nb3 Kc6 46.Nc1 Bc4 47.a4 Nc5 48.Bxc5 Kxc5 49.Nd3+ Bxd3 50.Kxd3 a5
51.Kc3 d4+ 52.Kd2 Kc4 53.Kc2 d3+ 54.Kd1 Kd4 55.Kd2 Ke4 56.Ke1 Ke3 57.Kd1 d2  0-1

[Event "Czech Open A"]
[Site "Pardubice CZE"]
[Date "2006.07.22"]
[Round "2"]
[White "Schneider,Il"]
[Black "Geller,J"]
[Result "1/2-1/2"]
[WhiteElo "2351"]
[BlackElo "2480"]

1.e4 e6 2.Nf3 c5 3.d4 cxd4 4.Nxd4 Nc6 5.Nc3 Qc7 6.Be3 a6 7.Bd3 Nf6 8.O-O Bd6
9.f4 Bc5 10.Nf5 Bxe3+ 11.Nxe3 d6 12.Kh1 b6 13.Nc4 Bb7 14.Qe2 Nd7 15.Rae1 b5
16.Nd5 Qb8 17.Ncb6 Nxb6 18.Nxb6 Ra7 19.f5 Ne5 20.fxe6 fxe6 21.Qh5+ g6 22.Qh3 Bc8
23.Nxc8 Qxc8 24.Rf6 Re7 25.Ref1 Kd7 26.c3 h5 27.a4 bxa4 28.Bc2 Qc4 29.Qe3 Rc8
30.Rf8 Rxf8 31.Rxf8 Kc6 32.Qd4 Qxd4 33.cxd4 Nc4 34.Bxa4+ Kb6 35.b3 Nd2 36.e5 dxe5
37.Rf2 Rc7 38.g3 Rc2 39.dxe5 Rc1+ 40.Kg2 Ne4 41.Rf4 Rc2+ 42.Kg1 Nc5 43.Be8 Re2
44.Rb4+ Kc7 45.Rc4 Kd8 46.Bxg6 Nxb3 47.Rc3 Nd2 48.Rd3+ Ke7  1/2-1/2

[Event "Czech Open A"]
[Site "Pardubice CZE"]
[Date "2006.07.22"]
[Round "2"]
[White "Markidis,K"]
[Black "Firman,N"]
[Result "1/2-1/2"]
[WhiteElo "2370"]
[BlackElo "2499"]

1.e4 c5 2.Nf3 e6 3.d4 cxd4 4.Nxd4 Nc6 5.Nc3 a6 6.g3 Nge7 7.Nb3 Ng6 8.Bg2 Rb8
9.O-O Be7 10.f4 O-O 11.Be3 b5 12.Qe2 Na5 13.Nxa5 Qxa5 14.e5 Bb7 15.Ne4 Bxe4
16.Bxe4 Qb4 17.Bd2 d6 18.exd6 Qxd6 19.Rfd1 Qc7 20.Be3 Bf6 21.Rab1 Ne7 22.c3 b4
23.Qxa6 bxc3 24.bxc3 Qxc3 25.Bf2 Rxb1 26.Rxb1 Rd8 27.Qa7 g6 28.Rb8 Rxb8 29.Qxb8+ Kg7
30.Qb3 Qd2 31.Qc2 Qb4 32.Qd3 Nc8 33.a3 Qb2 34.Kg2 Ne7 35.Qd6 Nd5 36.Bxd5 Bd4
37.Bc6 Qxf2+ 38.Kh3 h5 39.Bb5 Qb2 40.Qb4 Qf2 41.Qc4 h4 42.Qe2 hxg3 43.hxg3 Qg1
44.Qf1 Qe3 45.Qd3  1/2-1/2

[Event "Politiken Cup"]
[Site "Copenhagen DEN"]
[Date "2006.07.23"]
[Round "2"]
[White "Brinck Claussen,B"]
[Black "Schmied,A"]
[Result "1-0"]
[WhiteElo "2358"]
[BlackElo "2062"]

1.e4 c5 2.Nf3 e6 3.d4 cxd4 4.Nxd4 Nc6 5.Nc3 Qc7 6.g3 a6 7.Bg2 d6 8.O-O Bd7
9.a4 Be7 10.Nde2 Nf6 11.Nf4 O-O 12.g4 h6 13.Nd3 Nh7 14.f4 b5 15.Kh1 b4 16.Ne2 Rab8
17.Be3 Rfc8 18.Rc1 Qd8 19.Ng3 Bf6 20.Nh5 Bd4 21.Bd2 Ba7 22.g5 hxg5 23.fxg5 Nxg5
24.Qg4 f6 25.h4 e5 26.Qg3 Be8 27.hxg5 Bxh5 28.gxf6 Rc7 29.Bh6 g6 30.Bf3 Rh7
31.Qg5 Rxh6 32.Qxh6 Qxf6 33.Kg2  1-0

[Event "Czech Open A"]
[Site "Pardubice CZE"]
[Date "2006.07.23"]
[Round "3"]
[White "Bajarani,I"]
[Black "Boss,I"]
[Result "1-0"]
[WhiteElo "2341"]
[BlackElo "2115"]

1.e4 c5 2.Nf3 e6 3.d4 cxd4 4.Nxd4 Nc6 5.Nc3 Qc7 6.g3 a6 7.Bg2 Bc5 8.Nb3 Ba7
9.Qg4 Kf8 10.Bf4 d6 11.Qe2 Nge7 12.O-O e5 13.Be3 b5 14.Bxa7 Nxa7 15.f4 Be6
16.Nd5 Bxd5 17.exd5 exf4 18.Rxf4 Ng6 19.Re4 Ne5 20.Rf1 Re8 21.Nd4 Kg8 22.Kh1 g6
23.Qd2 f5 24.Ree1 Nc8 25.Ne6 Qb7 26.Rxf5 gxf5 27.Rxe5 h6 28.Rxf5 Rh7 29.Qf4 Qe7
30.Rf6 Rg7 31.Qxh6 Nb6 32.Be4 Nd7 33.Rg6 Rxg6 34.Qxg6+ Kh8 35.Qh5+  1-0

[Event "Czech Open A"]
[Site "Pardubice CZE"]
[Date "2006.07.23"]
[Round "3"]
[White "Zinchenko,Ya"]
[Black "Babula,V"]
[Result "1/2-1/2"]
[WhiteElo "2485"]
[BlackElo "2571"]

1.e4 c5 2.Nf3 Nc6 3.d4 cxd4 4.Nxd4 e6 5.Nc3 d6 6.Be2 Nf6 7.O-O Be7 8.Be3 O-O
9.f4 Bd7 10.Nb3 Rc8 11.Kh1 a6 12.a4 Na5 13.e5 Ne8 14.Nxa5 Qxa5 15.Qd2 Bc6
16.Bd4 dxe5 17.fxe5 Nc7 18.Ne4 Qxd2 19.Nxd2 Nd5 20.c3 Rfd8 21.Nc4 Bf8 22.h3 g6
23.Kh2 Nb4 24.Na5 Nd5 25.Nc4  1/2-1/2